000 00369nam a2200145 i 4500
001 bg
100 1 _aŻYDANOWICZ, Józef
245 0 _aElektroenergetyczna automatyka zabezpieczeniowa /
_cJ. Żydanowicz. Cz.3.
250 _aWyd.2 zmien.
260 _aWarszawa,
_c1987.
040 _cBPK
041 _apol
942 _cKS
008 s pl f |000 0 pol
999 _c23867
_d23867
856 _uhttp://koha.tu.koszalin.pl/cgi-bin/koha/opac-detail.pl?biblionumber=23867
_yKatalog online BPK